Southville International School and Colleges
Your cart is empty.
  • Cart
  • Lists
    Public lists Eva Luna New books Lux_list list_1
    Your lists Log in to create your own lists
  • Log in to your account
  • Your cookies
  • Search history
Southville International School and Colleges
  • Advanced search
  • Recent comments
  • Most popular
  • Libraries

Log in to your account

Log in with GOOGLE


If you do not have an external account, but do have a local account, you can still log in:

  1. Home
  2. MARC view: Lippincott's visual encyclopedia of clinical skills /
Normal view MARC view ISBD view

Lippincott's visual encyclopedia of clinical skills / (Record no. 13747)

[ view plain ]
MARC details
000 -LEADER
fixed length control field 01493cam a22003974a 4500
001 - CONTROL NUMBER
control field 15311645
003 - CONTROL NUMBER IDENTIFIER
control field OSt
005 - DATE AND TIME OF LATEST TRANSACTION
control field 20140310182456.0
008 - FIXED-LENGTH DATA ELEMENTS--GENERAL INFORMATION
fixed length control field 080528s2009 paua be 001 0 eng
010 ## - LIBRARY OF CONGRESS CONTROL NUMBER
LC control number 2008023519
016 7# - NATIONAL BIBLIOGRAPHIC AGENCY CONTROL NUMBER
Record control number 101475159
Source DNLM
020 ## - INTERNATIONAL STANDARD BOOK NUMBER
International Standard Book Number 9780781798327 (alk. paper)
020 ## - INTERNATIONAL STANDARD BOOK NUMBER
International Standard Book Number 0781798329 (alk. paper)
035 ## - SYSTEM CONTROL NUMBER
System control number (OCoLC)230847995
035 ## - SYSTEM CONTROL NUMBER
System control number (OCoLC)ocn230847995
040 ## - CATALOGING SOURCE
Original cataloging agency DNLM/DLC
Transcribing agency DLC
Modifying agency NLM
-- BAKER
-- BTCTA
-- YDXCP
-- C#P
-- DLC
042 ## - AUTHENTICATION CODE
Authentication code pcc
050 00 - LIBRARY OF CONGRESS CALL NUMBER
Classification number RT 21
Item number .L57 2009
060 00 - NATIONAL LIBRARY OF MEDICINE CALL NUMBER
Classification number 2009 A-163
060 10 - NATIONAL LIBRARY OF MEDICINE CALL NUMBER
Classification number WY 13
Item number L7655 2009
245 00 - TITLE STATEMENT
Title Lippincott's visual encyclopedia of clinical skills /
246 30 - VARYING FORM OF TITLE
Title proper/short title Visual encyclopedia of clinical skills
260 ## - PUBLICATION, DISTRIBUTION, ETC. (IMPRINT)
Place of publication, distribution, etc Philadelphia :
Name of publisher, distributor, etc Wolters Kluwer Health/Lippincott Williams & Wilkins,
Date of publication, distribution, etc c2009.
300 ## - PHYSICAL DESCRIPTION
Extent 625 p. :
Other physical details col. ill. ;
Dimensions 29 cm.
500 ## - GENERAL NOTE
General note Includes bibliographical references and index.
650 #0 - SUBJECT ADDED ENTRY--TOPICAL TERM
Topical term or geographic name as entry element Nursing
Form subdivision Encyclopedias.
9 (RLIN) 8432
650 #0 - SUBJECT ADDED ENTRY--TOPICAL TERM
Topical term or geographic name as entry element Nursing
Form subdivision Atlases.
9 (RLIN) 8433
650 12 - SUBJECT ADDED ENTRY--TOPICAL TERM
Topical term or geographic name as entry element Nursing Care
General subdivision methods
Form subdivision Encyclopedias
General subdivision English.
9 (RLIN) 8434
650 22 - SUBJECT ADDED ENTRY--TOPICAL TERM
Topical term or geographic name as entry element Clinical Competence
Form subdivision Encyclopedias
General subdivision English.
9 (RLIN) 8435
710 2# - ADDED ENTRY--CORPORATE NAME
Corporate name or jurisdiction name as entry element Lippincott Williams & Wilkins.
9 (RLIN) 7366
856 41 - ELECTRONIC LOCATION AND ACCESS
Materials specified Table of contents only
Uniform Resource Identifier <a href="http://www.loc.gov/catdir/toc/ecip0820/2008023519.html">http://www.loc.gov/catdir/toc/ecip0820/2008023519.html</a>
906 ## - LOCAL DATA ELEMENT F, LDF (RLIN)
a 7
b cbc
c orignew
d 1
e ecip
f 20
g y-gencatlg
942 ## - ADDED ENTRY ELEMENTS (KOHA)
Source of classification or shelving scheme Library of Congress Classification
Koha item type
Holdings
Withdrawn status Lost status Source of classification or shelving scheme Damaged status Home library Current library Shelving location Date acquired Total Checkouts Full call number Barcode Date last seen Copy number Price effective from Koha item type
    Library of Congress Classification   South SEED-LPDH College Library South SEED-LPDH College Library South SEED-LPDH College Section 08/06/2013   RT 21 .L57 2009 SSLC0252 04/20/2017 1 08/06/2013 Books

Lippincott's visual encyclopedia of clinical skills /

APA

Lippincott Williams & Wilkins, . (2009). Lippincott's visual encyclopedia of clinical skills. Philadelphia: Wolters Kluwer Health/Lippincott Williams & Wilkins.

Chicago

Lippincott Williams & Wilkins, . 2009. Lippincott's visual encyclopedia of clinical skills. Philadelphia: Wolters Kluwer Health/Lippincott Williams & Wilkins.

Harvard

Lippincott Williams & Wilkins, . (2009). Lippincott's visual encyclopedia of clinical skills. Philadelphia: Wolters Kluwer Health/Lippincott Williams & Wilkins.

MLA

Lippincott Williams & Wilkins, . Lippincott's visual encyclopedia of clinical skills. Philadelphia: Wolters Kluwer Health/Lippincott Williams & Wilkins. 2009.

  • Place hold
  • Print
  • Cite
  • Add to your cart (remove)
  • Save record
    BIBTEX Dublin Core MARCXML MARC (non-Unicode/MARC-8) MARC (Unicode/UTF-8) MARC (Unicode/UTF-8, Standard) MODS (XML) RIS
  • More searches
    Search for this title in:
    Other Libraries (WorldCat) Other Databases (Google Scholar) Online Stores (Bookfinder.com) Open Library (openlibrary.org)

Exporting to Dublin Core...

SOUTHVILLE LIBRARY

Southville International School and Colleges Library

1281 Tropical Ave. Cor. Luxembourg St., BF Homes International, Las Pinas City

Tel. No. 8256374 / 252358 Loc. 117/146

Powered by Koha